000 01243nab a2200229 i 4500
001 768714001
003 CO-MdFUSB
005 20240503123318.0
008 211209s2008 us ||||| |||| 00| 0 eng d
022 _a1669-8649
040 _bspa
_aCO-MdFUSB
_cCO-MdFUSB
_dCO-MdFUSB
041 _aeng
100 _eautor
_aMartínez, Juan Francisco,
245 1 _aUndocumented, illegal, or unregulated aliens?
_b: getting christians to talk together about immigration reform
_c/ Juan Francisco Martínez
300 _c; 20 cm
520 _aPara que los evangélicos latinos y de cultura mayoritaria hablen sobre la reforma migratoria, debemos entender por qué nuestros puntos de partida son a menudo tan diferentes. Una vez que entendemos los problemas que nos separan, podemos establecer un marco para una conversación entre evangélicos que nos permita hablar entre nosotros de una manera que nos ayude a trabajar juntos hacia shalom.
546 _aTexto en Inglés
650 7 _92117
_aEmigración e inmigración
773 0 _049416
_959775
_dSantiago de Chile
_oR1470
_tJournal of Latin American Theology :
_w(CO-MdFUSB)118
_x1669-8949
_gVolumen 3, número 2 (2008), páginas 6 - 14
_qPágina 7
942 _cANA
945 _aJennifer - Auxiliar
999 _c67052
_d67052